000
00292nam a22001337a 4500
008
190222b xxu||||| |||| 00| 0 eng d
020
_a
0205289959
041
_a
eng
080
_a
159.9
100
_a
50
101
_a
PSI
245
_a
Educational Psychology
_c
Woolfolk, A
942
_2
udc
_c
BK
999
_c
54115
_d
54115